[Event "Bamberg op-B 5th"]
[Site "Bamberg"]
[Date "2023.07.29"]
[Round "5"]
[White "Miller, Lysander"]
[Black "Gebhardt, Christian"]
[Result "0-1"]
[WhiteElo "1656"]
[BlackElo "1869"]
[PlyCount "82"]
[EventDate "2023.07.26"]
[EventType "swiss"]
[EventRounds "7"]
[EventCountry "GER"]
[SourceTitle "CBM 215 Extra"]
[Source "ChessBase"]
[SourceDate "2023.09.30"]
[SourceVersion "1"]
[SourceVersionDate "2023.09.30"]
[SourceQuality "1"]

1. e4 e6 2. d4 d5 3. Nd2 Nf6 4. e5 Nfd7 5. Bd3 c5 6. c3 Nc6 7. Ne2 cxd4 8. cxd4 f6 9. Nf4 Nxd4 10. Qh5+ Ke7 11. Ng6+ hxg6 12. exf6+ Nxf6 13. Qxh8 Kf7 14. Qh4 e5 15. 0-0 Qb6 16. Nf3 Nxf3+ 17. gxf3 Be7 18. Qg3 e4 19. fxe4 dxe4 20. Bc4+ Be6 21. Be3 Qc6 22. Bxe6+ Qxe6 23. Rfe1 Rh8 24. h4 Bd6 25. f4 exf3 26. Bf4 Bxf4 27. Qxf4 Qh3 28. Qc7+ Kg8 29. Qb8+ Kh7 30. Qh2 Qg4+ 31. Kh1 Rc8 32. Rg1 Qe4 33. Rae1 Qc6 34. Qf2 Rf8 35. Ref1 Ne4 36. Qh2 f2 37. Rg2 Nd2 38. h5 g5 39. h6 Nxf1 40. hxg7+ Nxh2 41. gxf8Q f1Q+ 0-1

[Event "GER-chT U16"]
[Site "Kiel"]
[Date "2022.07.25"]
[Round "6.7"]
[White "Miller, Lysander"]
[Black "Seiler, Leon"]
[Result "1-0"]
[WhiteElo "1625"]
[BlackElo "1164"]
[PlyCount "119"]
[EventDate "2022.07.22"]
[EventType "team-swiss"]
[EventRounds "7"]
[EventCountry "GER"]
[SourceTitle "CBM 209 Extra"]
[Source "ChessBase"]
[SourceDate "2022.09.30"]
[SourceVersion "1"]
[SourceVersionDate "2022.09.30"]
[SourceQuality "1"]
[WhiteTeam "Freiburg Zaehringen"]
[BlackTeam "Ansbach"]
[WhiteTeamCountry "GER"]
[BlackTeamCountry "GER"]

1. e4 e5 2. Nf3 Nf6 3. Nxe5 Nc6 4. Nxc6 dxc6 5. d3 Bc5 6. Be2 h5 7. h3 Be6 8. Nc3 Qe7 9. Bg5 Qd7 10. a3 Nh7 11. Qd2 Nxg5 12. Qxg5 Qd4 13. Rf1 Be7 14. Qg3 0-0-0 15. f4 f5 16. Qg6 Qf6 17. Bxh5 Qxg6 18. Bxg6 Bh4+ 19. Ke2 fxe4 20. Bxe4 Rde8 21. Kd2 c5 22. Rad1 c6 23. Kc1 Bf6 24. Ne2 Bd5 25. Ng3 Bh4 26. Nf5 Kc7 27. Nxh4 Rxh4 28. Rde1 Kd6 29. Bxd5 Rxe1+ 30. Rxe1 cxd5 31. Rf1 Rh6 32. Rf3 Rg6 33. g4 Rf6 34. g5 Rf7 35. h4 Ke6 36. Rf1 Kf5 37. Kd2 Kg4 38. Rg1+ Kxh4 39. Ke3 Kh5 40. Kf3 Kg6 41. Kg4 Re7 42. f5+ Kf7 43. Rg2 Rd7 44. Re2 Rd6 45. Kf4 b6 46. Ke5 Ke7 47. Rf2 Kd7 48. f6 Re6+ 49. Kxd5 gxf6 50. gxf6 Re8 51. f7 Rf8 52. c4 Ke7 53. Kc6 Kd8 54. Kd6 a6 55. a4 b5 56. axb5 axb5 57. cxb5 Kc8 58. Ke7 Rd8 59. f8Q Rxf8 60. Rxf8+ 1-0

[Event "GER-chT U16"]
[Site "Kiel"]
[Date "2022.07.23"]
[Round "2.2"]
[White "Miller, Lysander"]
[Black "Huo, Da"]
[Result "0-1"]
[WhiteElo "1625"]
[BlackElo "1858"]
[PlyCount "70"]
[EventDate "2022.07.22"]
[EventType "team-swiss"]
[EventRounds "7"]
[EventCountry "GER"]
[SourceTitle "CBM 209 Extra"]
[Source "ChessBase"]
[SourceDate "2022.09.30"]
[SourceVersion "1"]
[SourceVersionDate "2022.09.30"]
[SourceQuality "1"]
[WhiteTeam "Freiburg Zaehringen"]
[BlackTeam "Hamburger SK"]
[WhiteTeamCountry "GER"]
[BlackTeamCountry "GER"]

1. e4 c5 2. Nc3 Nc6 3. f4 g6 4. Nf3 Bg7 5. Bb5 Nd4 6. 0-0 e6 7. Be2 a6 8. d3 Ne7 9. e5 0-0 10. Ne4 Qc7 11. c3 Nxe2+ 12. Qxe2 b6 13. Be3 Bb7 14. Nfd2 Nf5 15. g4 Nxe3 16. Qxe3 Bxe4 17. Nxe4 f5 18. Nd6 fxg4 19. Qg3 Qd8 20. Qxg4 Qe7 21. h4 h5 22. Qg3 Kh7 23. Kh2 Bh8 24. Rg1 Rg8 25. Qh3 Raf8 26. Raf1 Rxf4 27. Ne4 Bxe5 28. Ng5+ Kh6 29. Kh1 Rgf8 30. Qe3 Rxh4+ 31. Nh3+ Bf4 32. Qf3 e5 33. Rg3 Qe6 34. Kg2 Rf6 35. Qa8 Qc6+ 0-1